书目信息 |
| 题名: |
园艺植物种苗生产技术
|
|
| 作者: | 龚维红 主编 | |
| 分册: | ||
| 出版信息: | 苏州 苏州大学出版社 2020.6 |
|
| 页数: | 173页 | |
| 开本: | 26cm | |
| 丛书名: | ||
| 单 册: | ||
| 中图分类: | S680.3 | |
| 科图分类: | ||
| 主题词: | 园林植物--植物育种--高等教育--教材 , 园林植物 , 植物育种 | |
| 电子资源: | ||
| ISBN: | 978-7-81137-265-6 | |
| 000 | 00837nam0 2200265 45 | |
| 001 | 012001001602 | |
| 005 | 20140914134028.0 | |
| 010 | @a978-7-81137-265-6@dCNY34.00 | |
| 100 | @a20100312d2009 em y0chiy50 ea | |
| 101 | 0 | @achi |
| 102 | @aCN@b320000 | |
| 105 | @aa z 000yy | |
| 106 | @ar | |
| 200 | 1 | @a园艺植物种苗生产技术@Ayuan yi zhi wu zhong miao sheng chan ji shu@f龚维红主编 |
| 210 | @a苏州@c苏州大学出版社@d2020.6 | |
| 215 | @a173页@c图@d26cm | |
| 300 | @a园艺园林专业系列教材 | |
| 330 | @a本书共分为九章,分别为园艺植物苗圃的建立与管理、播种繁殖与培育、营养繁殖与培育等。 | |
| 606 | 0 | @a园林植物@x植物育种@x高等教育@j教材 |
| 606 | 0 | @a园林植物 |
| 606 | 0 | @a植物育种 |
| 690 | @aS680.3@v4 | |
| 701 | 0 | @a龚维红@f(1966~)@4主编@Agong wei hong |
| 801 | 0 | @aCN@bBJSDL@c20211011 |
| 905 | @b1336481-4@dS680.3@e670@f4 | |
| 园艺植物种苗生产技术/龚维红主编.-苏州:苏州大学出版社,2020.6 |
| 173页:图;26cm |
| 园艺园林专业系列教材 |
| ISBN 978-7-81137-265-6:CNY34.00 |
| 本书共分为九章,分别为园艺植物苗圃的建立与管理、播种繁殖与培育、营养繁殖与培育等。 |
| ● |
| 相关链接 |
|
|
|
|
正题名:园艺植物种苗生产技术
索取号:S680.3/670
 
预约/预借
| 序号 | 登录号 | 条形码 | 馆藏地/架位号 | 状态 | 备注 |
| 1 | 1336481 | 213364811 | 第二样本阅览室/ [索取号:S680.3/670] | 在馆 | |
| 2 | 1336482 | 213364820 | 第三借阅区/ [索取号:S680.3/670] | 在馆 | |
| 3 | 1336483 | 213364839 | 第三借阅区/ [索取号:S680.3/670] | 在馆 | |
| 4 | 1336484 | 213364848 | 第三借阅区/ [索取号:S680.3/670] | 在馆 |